| 000 | 00374nam a22001457a 4500 | ||
|---|---|---|---|
| 999 |
_c9542 _d9542 |
||
| 003 | OSt | ||
| 005 | 20210702122246.0 | ||
| 008 | 210702b ||||| |||| 00| 0 eng d | ||
| 020 | _a9780486473178 | ||
| 082 |
_a690.097471 _bMAC |
||
| 100 | _aMackay, Donald A. | ||
| 245 | _a The building of Manhattan | ||
| 260 |
_aNew York _bDover Publications Inc _c21 April 2010 |
||
| 942 | _2ddc | ||